000 00502pab a2200181 454500
008 180718b2017 xxu||||| |||| 00| 0 eng d
100 _aJyotishi, Amalendu
245 _aGold mining institutions in Nilgiri-Wayanad: a historical - institutional perspective
260 _c2017
300 _ap.57-63.
362 _a15 Jul
650 _aMining
650 _aGold
700 _aLahiri-Dutt, Kuntala
700 _aSivramkrishna, Sashi
773 _aEconomic and Political Weekly
909 _a115592
999 _c115586
_d115586